MARC

LEADER 00000nam0a2200000 4500
001 168099
005 20231101222733.0
010 |a 1859649114 
035 |a (RuTPU)RU\TPU\book\182379 
035 |a RU\TPU\book\179740 
090 |a 168099 
100 |a 20091023d2009 m y0engy50 ba 
101 0 |a eng 
102 |a GB 
105 |a a j 001zy 
200 1 |a English for the Energy Industries. Oil, Gas and Petrochemicals  |e Course book  |f P. Levrai, F. McGarry 
210 |a London  |c Language Solutions  |d 2009 
215 |a 245 p.  |c il. 
320 |a Glossary: p. 235-245. 
606 1 |a Английский язык  |x Учебные руководства и пособия  |x Учебные руководства и пособия для высшей школы  |2 stltpush  |3 (RuTPU)RU\TPU\subj\29071  |9 52483 
610 1 |a лексика 
610 1 |a грамматика 
610 1 |a разговорная речь 
610 1 |a профессиональный английский язык 
610 1 |a нефть 
610 1 |a нефтяная промышленность 
610 1 |a газ 
610 1 |a газовая промышленность 
610 1 |a нефтехимия 
610 1 |a энергетическая промышленность 
686 |a Ш143.21-923  |v LBC/SL-A  |2 rubbk 
700 1 |a Levrai  |b P.  |g Peter 
701 1 |a McGarry  |b F.  |g Fiona 
801 1 |a RU  |b 63413507  |c 20090922 
801 2 |a RU  |b 63413507  |c 20140626  |g RCR 
942 |c BK